[Event "Greifswald op"]
[Site "Greifswald"]
[Date "2003.08.31"]
[Round "6"]
[White "Lueder, Robert"]
[Black "Kaduszkiewicz, Martin"]
[Result "0-1"]
[WhiteElo "1372"]
[BlackElo "1457"]
[PlyCount "64"]
[EventDate "2003.08.??"]
[EventType "swiss"]
[EventRounds "7"]
[EventCountry "GER"]
[SourceTitle "EXT 2005"]
[Source "ChessBase"]
[SourceDate "2004.11.15"]
[SourceVersion "1"]
[SourceVersionDate "2004.11.15"]
[SourceQuality "1"]

1. c4 Nf6 2. Nc3 e6 3. d4 d5 4. Bg5 Be7 5. Nf3 Nbd7 6. e3 c6 7. Bd3 0-0 8. 0-0 Re8 9. cxd5 exd5 10. Re1 Nf8 11. h3 Ng6 12. Qc2 Ne4 13. Bxe7 Qxe7 14. Rad1 f5 15. Nd2 Qh4 16. f3 Nxc3 17. bxc3 Qg5 18. f4 Qf6 19. Nf3 b5 20. Ne5 Nxe5 21. dxe5 Qf7 22. a4 a6 23. Ra1 Be6 24. axb5 axb5 25. Qb2 Qb7 26. Qb4 Qb6 27. Qd6 Rxa1 28. Rxa1 Qxe3+ 29. Kh1 Qxd3 30. Qxc6 Bf7 31. Ra8 Qd1+ 32. Kh2 Qh5 0-1

[Event "Greifswald op"]
[Site "Greifswald"]
[Date "2003.08.30"]
[Round "5"]
[White "Kaduszkiewicz, Martin"]
[Black "Sommer, Stefan"]
[Result "1/2-1/2"]
[WhiteElo "1457"]
[BlackElo "1686"]
[PlyCount "66"]
[EventDate "2003.08.??"]
[EventType "swiss"]
[EventRounds "7"]
[EventCountry "GER"]
[SourceTitle "EXT 2005"]
[Source "ChessBase"]
[SourceDate "2004.11.15"]
[SourceVersion "1"]
[SourceVersionDate "2004.11.15"]
[SourceQuality "1"]

1. e4 e5 2. Nf3 Nc6 3. Bb5 a6 4. Ba4 Nf6 5. 0-0 b5 6. Bb3 Be7 7. Re1 0-0 8. a4 Bb7 9. d3 Kh8 10. c3 d6 11. Nbd2 Nd7 12. Nf1 f5 13. Ne3 f4 14. Nd5 Nf6 15. Bd2 bxa4 16. Rxa4 Nb8 17. c4 Nbd7 18. Kf1 Nc5 19. Ra2 Nxd3 20. Re2 Nc5 21. Bc2 Bc8 22. Bb4 Nxd5 23. cxd5 Bg4 24. Bxc5 Bxf3 25. gxf3 dxc5 26. Re1 Qd7 27. Ke2 Rf6 28. Rg1 Qb5+ 29. Qd3 c4 30. Qc3 Bd6 31. Ba4 Qb4 32. Bc6 Rb8 33. Bd7 a5 1/2-1/2

[Event "Greifswald op"]
[Site "Greifswald"]
[Date "2003.08.29"]
[Round "3"]
[White "Kaduszkiewicz, Martin"]
[Black "Hoenecke, Judith"]
[Result "0-1"]
[WhiteElo "1457"]
[BlackElo "1779"]
[PlyCount "50"]
[EventDate "2003.08.??"]
[EventType "swiss"]
[EventRounds "7"]
[EventCountry "GER"]
[SourceTitle "EXT 2005"]
[Source "ChessBase"]
[SourceDate "2004.11.15"]
[SourceVersion "1"]
[SourceVersionDate "2004.11.15"]
[SourceQuality "1"]

1. e4 c5 2. Nf3 e6 3. d4 cxd4 4. Nxd4 a6 5. a3 d6 6. Nc3 Be7 7. Be2 Qc7 8. 0-0 b5 9. Be3 Nf6 10. Qd2 Nbd7 11. Rad1 Bb7 12. f3 Rc8 13. Nb3 d5 14. exd5 Nxd5 15. Nxd5 Bxd5 16. Nd4 0-0 17. c3 Nb6 18. Bf4 Rfd8 19. Bg5 f6 20. Bh4 Bb3 21. Qe3 Bc5 22. Rc1 e5 23. Bf2 Qf7 24. Qe4 exd4 25. Bd3 g6 0-1

[Event "Greifswald Klar op 1st"]
[Site "Greifswald"]
[Date "2003.07.13"]
[Round "7"]
[White "Voelschow, Toni Eleonore"]
[Black "Kaduszkiewicz, Martin"]
[Result "1/2-1/2"]
[WhiteElo "1484"]
[BlackElo "1421"]
[PlyCount "75"]
[EventDate "2003.07.10"]
[EventType "swiss"]
[EventRounds "7"]
[EventCountry "GER"]
[SourceTitle "EXT 2005"]
[Source "ChessBase"]
[SourceDate "2004.11.15"]
[SourceVersion "1"]
[SourceVersionDate "2004.11.15"]
[SourceQuality "1"]

1. e4 c5 2. Nc3 Nc6 3. g3 d6 4. Bg2 e6 5. d3 Nge7 6. Be3 g6 7. f4 Bg7 8. Nf3 0-0 9. 0-0 b6 10. Qd2 Rb8 11. Rab1 a6 12. Ne2 Bd7 13. d4 Qc7 14. dxc5 dxc5 15. c3 Rbd8 16. Rfd1 Bc8 17. Qc2 Rfe8 18. h3 f5 19. e5 Nd5 20. Bf2 Rd7 21. Rd2 h6 22. Rbd1 Red8 23. Nh2 Nde7 24. Nf1 Rxd2 25. Rxd2 Rxd2 26. Qxd2 Qd7 27. Qd6 Bf8 28. Qxd7 Bxd7 29. c4 Nb4 30. Nc1 Bc6 31. a3 Nc2 32. Ne2 Bxg2 33. Kxg2 Nc6 34. Ne3 N2d4 35. Nxd4 Nxd4 36. g4 Kf7 37. Kg3 Ne2+ 38. Kf3 1/2-1/2

[Event "Greifswald Klar op 1st"]
[Site "Greifswald"]
[Date "2003.07.11"]
[Round "3"]
[White "Kaduszkiewicz, Martin"]
[Black "Stemmler, Lysan"]
[Result "0-1"]
[WhiteElo "1421"]
[BlackElo "1588"]
[PlyCount "98"]
[EventDate "2003.07.10"]
[EventType "swiss"]
[EventRounds "7"]
[EventCountry "GER"]
[SourceTitle "EXT 2005"]
[Source "ChessBase"]
[SourceDate "2004.11.15"]
[SourceVersion "1"]
[SourceVersionDate "2004.11.15"]
[SourceQuality "1"]

1. e4 d6 2. d4 Nf6 3. Nc3 g6 4. f4 Bg7 5. Nf3 c5 6. Bb5+ Bd7 7. e5 dxe5 8. dxe5 Ng4 9. 0-0 0-0 10. h3 Nh6 11. Be3 b6 12. Qd2 Bxb5 13. Qxd8 Rxd8 14. Nxb5 Nc6 15. a3 Rd7 16. Rad1 Rad8 17. Nc3 f6 18. Rxd7 Rxd7 19. exf6 exf6 20. Rd1 Rxd1+ 21. Nxd1 Nf5 22. Bf2 Nd6 23. Kf1 Kf7 24. Ke2 Ne4 25. Be1 f5 26. Kd3 Bh6 27. g3 Bg7 28. b3 Ke6 29. Ne3 Bb2 30. a4 Nd4 31. Nxd4+ Bxd4 32. Nc4 Bf2 33. Bxf2 Nxf2+ 34. Ke2 Nxh3 35. Kf1 g5 36. Kg2 g4 37. Ne3 h6 38. Nc4 Kd5 39. Ne3+ Ke4 40. Nc4 Nxf4+ 41. gxf4 Kxf4 42. Nd6 h5 43. Nc8 h4 44. Nxa7 h3+ 45. Kg1 g3 46. Nb5 Ke3 47. Nd6 h2+ 48. Kg2 h1Q+ 49. Kxh1 Kf2 0-1